Fr. Conceicao Rodrigues College of Engineering

Harnessing Autocad R.14 (Record no. 32323)

MARC details
000 -LEADER
fixed length control field 00315nam a2200133Ia 4500
082 ## - DEWEY DECIMAL CLASSIFICATION NUMBER
Classification number 6.6
100 ## - MAIN ENTRY--PERSONAL NAME
Personal name Stellman. A . Thomas
245 ## - TITLE STATEMENT
Title Harnessing Autocad R.14
260 ## - PUBLICATION, DISTRIBUTION, ETC.
Name of publisher, distributor, etc. Comdex Computer Publishing
Place of publication, distribution, etc. New Delhi
Date of publication, distribution, etc. 1997
366 ## - TRADE AVAILABILITY INFORMATION
Publishers's discount category 15
546 ## - LANGUAGE NOTE
Language note ENGLISH
654 ## - SUBJECT ADDED ENTRY--FACETED TOPICAL TERMS
Focus term Harnessing Autocad R.14
942 ## - ADDED ENTRY ELEMENTS (KOHA)
Koha item type BOOK
Holdings
Withdrawn status Lost status Damaged status Not for loan Collection Home library Current library Shelving location Date acquired Source of acquisition Cost, normal purchase price Inventory number Total Checkouts Full call number Barcode Date last seen Cost, replacement price Price effective from Koha item type
        AFT Fr. Agnel's C.Rodrigues College of Engineering Fr. Agnel's C.Rodrigues College of Engineering   17/03/2023 UNIQUE BOOKS 297.50 3090   6.6 AFT7128 17/03/2023 350.00   BOOK